<?xml version="1.0" encoding="UTF-8"?>
<record
    xmlns:xsi="http://www.w3.org/2001/XMLSchema-instance"
    xsi:schemaLocation="http://www.loc.gov/MARC21/slim http://www.loc.gov/standards/marcxml/schema/MARC21slim.xsd"
    xmlns="http://www.loc.gov/MARC21/slim">

  <leader>01186nam a22002177a 4500</leader>
  <controlfield tag="005">20251027184429.0</controlfield>
  <controlfield tag="008">220204b           ||||| |||| 00| 0 eng d</controlfield>
  <datafield tag="020" ind1=" " ind2=" ">
    <subfield code="a">9789387979970</subfield>
  </datafield>
  <datafield tag="040" ind1=" " ind2=" ">
    <subfield code="c">AL</subfield>
  </datafield>
  <datafield tag="041" ind1=" " ind2=" ">
    <subfield code="a">English</subfield>
  </datafield>
  <datafield tag="082" ind1=" " ind2=" ">
    <subfield code="a">351.092</subfield>
    <subfield code="b">RAJT</subfield>
  </datafield>
  <datafield tag="100" ind1=" " ind2=" ">
    <subfield code="a">Shalini Rajneesh</subfield>
    <subfield code="9">16923</subfield>
  </datafield>
  <datafield tag="245" ind1=" " ind2=" ">
    <subfield code="a">Tale of 2 IAS</subfield>
    <subfield code="b">: Our boigraphy</subfield>
  </datafield>
  <datafield tag="260" ind1=" " ind2=" ">
    <subfield code="a">Bangalore</subfield>
    <subfield code="b">Sapna Book House</subfield>
    <subfield code="c">2018</subfield>
  </datafield>
  <datafield tag="300" ind1=" " ind2=" ">
    <subfield code="a">xv,580p</subfield>
    <subfield code="b">PB</subfield>
    <subfield code="c">21.4x13.9cm.</subfield>
  </datafield>
  <datafield tag="365" ind1=" " ind2=" ">
    <subfield code="2">General</subfield>
    <subfield code="a">MLSH21CRB209</subfield>
    <subfield code="b">&#x20B9;360.00</subfield>
    <subfield code="c">&#x20B9;</subfield>
    <subfield code="d">&#x20B9;450.00</subfield>
    <subfield code="e">20%</subfield>
    <subfield code="f">16-12-2021</subfield>
  </datafield>
  <datafield tag="520" ind1=" " ind2=" ">
    <subfield code="a">The Tale of 2 IAS is written for the youth who have dreams of making it Big in their life! The book reveals the role of parents, society and self in shaping ones career. It inspires one and all to contribute constructively towards common growth and progress. Further it unravels the myths people have about what is the role of an IAS officer in Government. The real life experiences in administration vis a vis the citizenry, inspires the bureaucracy, politicocracy as well as the general public to align with each other and create a better world.</subfield>
  </datafield>
  <datafield tag="650" ind1=" " ind2=" ">
    <subfield code="2">Public Administration</subfield>
    <subfield code="a">Boigraphy</subfield>
    <subfield code="9">18212</subfield>
  </datafield>
  <datafield tag="700" ind1=" " ind2=" ">
    <subfield code="a">Rajneesh, Goel </subfield>
    <subfield code="9">16924</subfield>
  </datafield>
  <datafield tag="942" ind1=" " ind2=" ">
    <subfield code="2">ddc</subfield>
    <subfield code="c">BK</subfield>
  </datafield>
  <datafield tag="999" ind1=" " ind2=" ">
    <subfield code="c">221422</subfield>
    <subfield code="d">221422</subfield>
  </datafield>
  <datafield tag="952" ind1=" " ind2=" ">
    <subfield code="0">0</subfield>
    <subfield code="1">0</subfield>
    <subfield code="2">ddc</subfield>
    <subfield code="4">0</subfield>
    <subfield code="7">0</subfield>
    <subfield code="8">GEN</subfield>
    <subfield code="a">SACPG</subfield>
    <subfield code="b">SACPG</subfield>
    <subfield code="d">2021-12-17</subfield>
    <subfield code="e">Sapna Book House</subfield>
    <subfield code="g">360.00</subfield>
    <subfield code="l">0</subfield>
    <subfield code="o">351.092 RAJT</subfield>
    <subfield code="p">PG023484</subfield>
    <subfield code="r">2022-08-24 00:00:00</subfield>
    <subfield code="v">450.00</subfield>
    <subfield code="w">2022-02-04</subfield>
    <subfield code="y">BK</subfield>
  </datafield>
</record>
